|
|
|
|
| LEADER |
00000nab a2200000 a 4500 |
| 001 |
vtls000306670 |
| 003 |
SK-MaSNL |
| 005 |
20260318124723.0 |
| 008 |
160202c1988 xo 0 hun |
| 015 |
|
|
|a SNBRB19rr/mm-uuuuu
|
| 035 |
|
|
|a CL0316789
|
| 040 |
|
|
|a SNKBUCL
|b slo
|c SNKBUCL
|e AACR2
|
| 041 |
0 |
|
|a hun
|
| 044 |
|
|
|a xo
|c SK
|
| 080 |
|
|
|a 894.511 (437)-3=945.11
|2 1981
|
| 100 |
1 |
|
|a Duba, Gyula,
|d 1930-2024
|4 aut
|9 100813
|
| 245 |
1 |
0 |
|a Ívnak a csukák
|b (Részlet.)
|c Gyula Duba
|
| 650 |
0 |
7 |
|a poviedky spoločenské
|2 snkbucl
|9 318463
|
| 655 |
|
7 |
|a články z novín a časopisov
|2 snkbucl
|9 267496
|
| 655 |
|
7 |
|a články z odboru literárna veda a krásna literatúra
|2 snkbucl
|9 770045
|
| 773 |
0 |
|
|t Új szó, Vasárnapi kiadás
|g Roč. 21, č. 8 (1988), s. 12
|
| 850 |
|
|
|a Slovenská národná knižnica v Martine
|a MTA001
|
| 852 |
|
|
|a SNK
|b KIS3GCP
|
| 958 |
|
|
|a RK
|
| 958 |
|
|
|a HU
|
| 958 |
|
|
|a LX
|
| 992 |
|
|
|a RBX
|
| 999 |
|
|
|c 2237734
|d 2239664
|